000 00840nam a2200205 i 4500
001 89676
003 ES-MaACL
005 20240518063033.0
007 t|
008 050112s1950 sp |||| | spa d
100 1 _aLasso de la Vega Jiménez-Placer, Javier,
_d1892-1990
_970478
245 1 3 _aLa Clasificación Decimal /
_cJavier Lasso de la Vega y Jiménez-Placer.
250 _a2ª ed. corr. y aum. seguida de las marcas para alfabetizar los nombres de autor, de las instrucciones para la catalogación de impresos y de las reglas para la colocación de los libros en los estantes por materias.
260 _aMadrid :
_bMayfe,
_c1950 (
_fGonzález)
300 _aXV, 390 p. :
_bil. ;
_c28 cm.
500 _aÍndices.
650 4 _aClasificación decimal.
_9165439
852 _aES-MaACL
_jDespacho
999 _c89676
_d89676